01003nam a22002777a 4500003000900000008004100009040007100050082001900121100002700140245006800167260003200235300002800267505013800295650001300433650002800446650002700474650002700501650002000528700003200548700003100580700002300611700001800634700001900652700002600671700002800697AR-CdUCM190223b ||||| |||| 00| 0 spa d aMUNICIPALIDAD PROVINCIAL DEL CUSCOcBIBLIOTECA MUNICIPAL DEL CUSCO a330.985 /bR36 aReinaga, Cesar Augusto aEsbozo de una historia del pensamiento económico del Perú / aCuzco :bGarcilaso ,c1969. a196 páginas ;c23 cm. aEl voto consultivo -- La política económica -- Un eco del mercantilismo -- Un neo-liberal del siglo XIX -- Experto en finanzas... aEconomia aPolítica económica. aEconomía Política. aVirreinato Político. aLa república. aBravo de las Lagunas, Pedro aBaquijano y Carrillo, Jose aRodriguez, Jose M. aPardo, Manuel aLergard, Cesar aUgarte, Cesar Antonio aMariategui, Jose Carlos